[Event "Kiev Independence Cup IM"]
[Site "Kiev"]
[Date "2021.09.04"]
[Round "2"]
[White "Vakulenko, Aleksandr"]
[Black "Anwesh, Upadhyaya"]
[Result "1-0"]
[WhiteElo "2196"]
[BlackElo "2366"]
[PlyCount "85"]
[EventDate "2021.09.03"]
[EventType "tourn"]
[EventRounds "9"]
[EventCountry "UKR"]
[EventCategory "1"]
[SourceTitle "CBM 204 Extra"]
[Source "ChessBase"]
[SourceDate "2021.11.30"]
[SourceVersion "1"]
[SourceVersionDate "2021.11.30"]
[SourceQuality "1"]

1. d4 d5 2. c4 c6 3. cxd5 cxd5 4. Bf4 Nc6 5. e3 Nf6 6. Nc3 a6 7. Be2 Bf5 8. Nf3 e6 9. Qb3 Ra7 10. Ne5 Nxe5 11. Bxe5 b5 12. 0-0 Be7 13. a4 b4 14. Nb1 0-0 15. Nd2 Qa8 16. a5 Rc8 17. Rfc1 Qb7 18. Qd1 Raa8 19. Nb3 Nd7 20. Bg3 h6 21. Rxc8+ Rxc8 22. Qf1 Rc6 23. Rc1 Bd8 24. h3 Qa8 25. Nc5 Qa7 26. Bxa6 Nxc5 27. Bb5 Rc8 28. dxc5 Rxc5 29. a6 Bf6 30. Bb8 Qxb8 31. Rxc5 Bxb2 32. Ba4 Bf6 33. Rb5 Qa8 34. Rxb4 d4 35. Qb5 Qe4 36. a7 Kh7 37. Qc6 Qd3 38. Bc2 Qxc2 39. Qxc2 Bxc2 40. a8Q d3 41. Qe4+ g6 42. Rb7 Kg8 43. Rd7 1-0

[Event "Kiev Independence Cup IM"]
[Site "Kiev"]
[Date "2021.09.03"]
[Round "1"]
[White "Vakulenko, Aleksandr"]
[Black "Palchuk, Andrii"]
[Result "0-1"]
[WhiteElo "2196"]
[BlackElo "2167"]
[PlyCount "66"]
[EventDate "2021.09.03"]
[EventType "tourn"]
[EventRounds "9"]
[EventCountry "UKR"]
[EventCategory "1"]
[SourceTitle "CBM 204 Extra"]
[Source "ChessBase"]
[SourceDate "2021.11.30"]
[SourceVersion "1"]
[SourceVersionDate "2021.11.30"]
[SourceQuality "1"]

1. d4 Nf6 2. c4 e6 3. Nc3 Bb4 4. f3 c5 5. d5 d6 6. e4 b5 7. Nge2 bxc4 8. Nf4 Bxc3+ 9. bxc3 e5 10. Ne2 Nbd7 11. Ng3 Nb6 12. a4 a5 13. Be2 0-0 14. 0-0 Re8 15. Qc2 Nfd7 16. Nf5 Nf8 17. Ne3 Ba6 18. Qa2 Rb8 19. Bd2 Qd7 20. Rfb1 Rb7 21. Nxc4 Nxc4 22. Bxc4 Bxc4 23. Qxc4 Reb8 24. Rb5 Rxb5 25. axb5 Rxb5 26. Qa2 Qb7 27. c4 Rb2 28. Qxa5 Rc2 29. Rc1 Rxc1+ 30. Bxc1 Qb3 31. Bd2 Qxc4 32. Qb6 Qd4+ 33. Kf1 Qxd2 0-1

[Event "Vinnytsia Summer IM"]
[Site "Vinnytsia"]
[Date "2021.08.05"]
[Round "6"]
[White "Vakulenko, Aleksandr"]
[Black "Ceres, Dragos"]
[Result "1/2-1/2"]
[WhiteElo "2196"]
[BlackElo "2302"]
[PlyCount "110"]
[EventDate "2021.08.02"]
[EventType "tourn"]
[EventRounds "9"]
[EventCountry "UKR"]
[SourceTitle "CBM 203 Extra"]
[Source "ChessBase"]
[SourceDate "2021.09.30"]
[SourceVersion "1"]
[SourceVersionDate "2021.09.30"]
[SourceQuality "1"]

1. Nf3 Nf6 2. g3 b5 3. e3 a6 4. Bg2 Bb7 5. 0-0 d5 6. b3 Nbd7 7. Bb2 c5 8. c4 Nb6 9. d4 e6 10. Ne5 Qc7 11. cxb5 axb5 12. Na3 Ba6 13. dxc5 Bxc5 14. Rc1 b4 15. Nd3 bxa3 16. Bd4 Nbd7 17. Nxc5 Nxc5 18. Bxc5 Bxf1 19. Bxf1 Qb8 20. Qd4 h5 21. Bb4 Qb7 22. Qc5 Ne4 23. Bb5+ Kd8 24. Qc6 Qxc6 25. Bxc6 Rc8 26. Bxa3 Rh6 27. b4 Rf6 28. f4 e5 29. b5 exf4 30. exf4 Rcxc6 31. bxc6 Kc7 32. Bb2 Rxc6 33. Be5+ Kd7 34. Rxc6 Kxc6 35. Bxg7 Kc5 36. Kg2 f6 37. Kf3 Kc4 38. a4 Kc3 39. f5 Kb4 40. Ke3 Kxa4 41. Kd4 Nd6 42. Bxf6 Nxf5+ 43. Ke5 Ne3 44. h3 Kb5 45. Bg5 d4 46. Ke4 Nf1 47. Bf4 Kc4 48. g4 hxg4 49. hxg4 d3 50. Kf3 d2 51. Ke2 Kd5 52. g5 Ke6 53. Bxd2 Nxd2 54. Kxd2 Kf5 55. g6 Kxg6 1/2-1/2

[Event "Vinnytsia Summer IM"]
[Site "Vinnytsia"]
[Date "2021.08.04"]
[Round "5"]
[White "Muha, Sergey"]
[Black "Vakulenko, Aleksandr"]
[Result "1-0"]
[WhiteElo "2147"]
[BlackElo "2196"]
[PlyCount "109"]
[EventDate "2021.08.02"]
[EventType "tourn"]
[EventRounds "9"]
[EventCountry "UKR"]
[SourceTitle "CBM 203 Extra"]
[Source "ChessBase"]
[SourceDate "2021.09.30"]
[SourceVersion "1"]
[SourceVersionDate "2021.09.30"]
[SourceQuality "1"]

1. d4 d5 2. c4 e6 3. Nc3 a6 4. cxd5 exd5 5. Bf4 c6 6. e3 Nf6 7. Bd3 g6 8. h3 Bg7 9. Nge2 0-0 10. 0-0 Nbd7 11. b4 Qe7 12. Qb1 b5 13. a4 Bb7 14. a5 Nh5 15. Bh2 f5 16. Qb3 Nhf6 17. Ng3 Ne8 18. Rfe1 Kh8 19. Nf1 Nd6 20. Bxd6 Qxd6 21. Ne2 Nf6 22. Rab1 Nh5 23. g3 g5 24. f4 Qh6 25. Qc2 gxf4 26. gxf4 Bc8 27. Kh1 Bd7 28. Ng1 Nf6 29. Bxf5 Bxf5 30. Qxf5 Ne4 31. Qd7 Qg6 32. Rb2 h5 33. Rg2 Qf6 34. Rc1 Rac8 35. Ng3 Nxg3+ 36. Rxg3 Rfd8 37. Qb7 Bf8 38. Nf3 Qe7 39. Qxe7 Bxe7 40. Ne5 Bxb4 41. Nf7+ Kh7 42. Nxd8 Rxd8 43. Rxc6 Bxa5 44. Rxa6 Bd2 45. Rb6 h4 46. Rg4 Bxe3 47. f5 Bf2 48. Rb7+ Kh8 49. Rxb5 Rd6 50. Kg2 Bg3 51. Rb8+ Kh7 52. Rb7+ Kh8 53. Rg6 Rd8 54. Rh6+ Kg8 55. f6 1-0

[Event "Vinnytsia Summer IM"]
[Site "Vinnytsia"]
[Date "2021.08.03"]
[Round "3"]
[White "Anwesh, Upadhyaya"]
[Black "Vakulenko, Aleksandr"]
[Result "1-0"]
[WhiteElo "2366"]
[BlackElo "2196"]
[PlyCount "171"]
[EventDate "2021.08.02"]
[EventType "tourn"]
[EventRounds "9"]
[EventCountry "UKR"]
[SourceTitle "CBM 203 Extra"]
[Source "ChessBase"]
[SourceDate "2021.09.30"]
[SourceVersion "1"]
[SourceVersionDate "2021.09.30"]
[SourceQuality "1"]

1. c4 e6 2. g3 d5 3. Bg2 Nf6 4. Nf3 dxc4 5. Na3 Bxa3 6. bxa3 Nc6 7. 0-0 Qd6 8. Qa4 0-0 9. Qxc4 e5 10. Bb2 Be6 11. Qh4 h6 12. Rfd1 e4 13. Ne1 Nd4 14. e3 Nf5 15. Qf4 Qxf4 16. exf4 Bd5 17. Nc2 a5 18. Nd4 Nd6 19. a4 c6 20. Bc3 Bc4 21. Nb3 b6 22. Be5 Rfd8 23. Rdc1 Bd5 24. Nd4 c5 25. Nc2 Nc4 26. Ne3 Nxe3 27. dxe3 Nd7 28. Bc3 Bc6 29. g4 Bxa4 30. Bxe4 Ra6 31. Rab1 Rb8 32. Rb2 b5 33. Rd2 b4 34. Bb2 Bb5 35. Bf5 Ra7 36. g5 c4 37. Bd4 Rc7 38. gxh6 g6 39. Bb1 c3 40. Rdd1 Ba4 41. Bc2 Bxc2 42. Rxc2 Kh7 43. Kf1 Rb5 44. Ke2 Kxh6 45. Rb1 Rbb7 46. Rg1 Rc6 47. Rb1 Nb6 48. Kd3 Nc4 49. Rxc3 bxc3 50. Rxb7 c2 51. Rb8 c1N+ 52. Ke4 Rc8 53. Rxc8 Nd6+ 54. Kd5 Nxc8 55. a3 Ne7+ 56. Kc4 Nc6 57. Bb6 Kg7 58. Kb5 Nb8 59. Bxa5 Kf8 60. Bc7 Nd7 61. a4 Nb3 62. a5 Nxa5 63. Bxa5 Nf6 64. f3 Nd5 65. Bd2 Ke7 66. Kc4 Ke6 67. e4 Ne7 68. Kd3 Nc6 69. Bc3 Na7 70. Ke3 Nb5 71. Bb2 Nd6 72. Kd3 Nb7 73. h4 Nc5+ 74. Ke3 Na6 75. h5 gxh5 76. f5+ Kd7 77. Kf4 Nb4 78. Kg5 Nd3 79. Bc3 Ke7 80. Kxh5 Nf4+ 81. Kg4 Ne2 82. Bb2 Ng1 83. f4 Ne2 84. Kf3 Ng1+ 85. Ke3 Kd6 86. Bd4 1-0

[Event "Vinnytsia Summer IM"]
[Site "Vinnytsia"]
[Date "2021.08.03"]
[Round "2"]
[White "Vakulenko, Aleksandr"]
[Black "Zhukovskyi, Oleksandr"]
[Result "1-0"]
[WhiteElo "2196"]
[BlackElo "1697"]
[PlyCount "35"]
[EventDate "2021.08.02"]
[EventType "tourn"]
[EventRounds "9"]
[EventCountry "UKR"]
[SourceTitle "CBM 203 Extra"]
[Source "ChessBase"]
[SourceDate "2021.09.30"]
[SourceVersion "1"]
[SourceVersionDate "2021.09.30"]
[SourceQuality "1"]

1. d4 Nf6 2. c4 g6 3. f3 d6 4. e4 e5 5. d5 Nh5 6. Be3 Bg7 7. Qd2 Qh4+ 8. g3 Nxg3 9. Qf2 Bh6 10. Bd2 Bf4 11. Ne2 Bxd2+ 12. Nxd2 Nf5 13. exf5 Qxf2+ 14. Kxf2 Bxf5 15. f4 Nd7 16. fxe5 Nxe5 17. Nd4 Ng4+ 18. Kg3 1-0

[Event "Cherkasy Konsalt IM"]
[Site "Cherkasy"]
[Date "2021.05.06"]
[Round "4"]
[White "Vakulenko, Aleksandr"]
[Black "Anwesh, Upadhyaya"]
[Result "1/2-1/2"]
[WhiteElo "2246"]
[BlackElo "2369"]
[PlyCount "83"]
[EventDate "2021.05.04"]
[EventType "tourn"]
[EventRounds "9"]
[EventCountry "UKR"]
[EventCategory "1"]
[SourceTitle "CBM 202 Extra"]
[Source "ChessBase"]
[SourceDate "2021.07.31"]
[SourceVersion "1"]
[SourceVersionDate "2021.07.31"]
[SourceQuality "1"]

1. d4 Nf6 2. c4 e5 3. dxe5 Ng4 4. Bf4 Nc6 5. Nf3 Bb4+ 6. Nbd2 Qe7 7. e3 Ngxe5 8. Nxe5 Nxe5 9. Be2 b6 10. 0-0 Bxd2 11. Qxd2 Bb7 12. Qc3 d6 13. c5 bxc5 14. Bxe5 Qxe5 15. Qxe5+ dxe5 16. Rfc1 0-0-0 17. Rxc5 Rhe8 18. Rac1 Re7 19. f3 Rd2 20. R1c2 Rxc2 21. Rxc2 Re6 22. f4 Re7 23. Bg4+ Kb8 24. Rd2 Bc6 25. Kf2 exf4 26. exf4 Kb7 27. g3 g6 28. Rd4 Re4 29. Rxe4 Bxe4 30. Bf3 Bxf3 31. Kxf3 f5 32. Ke3 c5 33. Kd3 Kc6 34. Kc4 a6 35. h3 Kd6 36. h4 Kc6 37. b3 Kd6 38. b4 cxb4 39. Kxb4 Kc6 40. Kc4 a5 41. a3 h6 42. a4 1/2-1/2

[Event "Cherkasy Konsalt IM"]
[Site "Cherkasy"]
[Date "2021.05.04"]
[Round "1"]
[White "Vakulenko, Aleksandr"]
[Black "Kislinsky, Alexey"]
[Result "0-1"]
[WhiteElo "2246"]
[BlackElo "2449"]
[PlyCount "66"]
[EventDate "2021.05.04"]
[EventType "tourn"]
[EventRounds "9"]
[EventCountry "UKR"]
[EventCategory "1"]
[SourceTitle "CBM 202 Extra"]
[Source "ChessBase"]
[SourceDate "2021.07.31"]
[SourceVersion "1"]
[SourceVersionDate "2021.07.31"]
[SourceQuality "1"]

1. d4 Nf6 2. c4 g6 3. f3 c5 4. d5 Bg7 5. e4 d6 6. Nc3 e6 7. Nge2 exd5 8. cxd5 Nbd7 9. Ng3 h5 10. Be2 a6 11. a4 Ne5 12. Nf1 Rb8 13. Ne3 Bd7 14. a5 0-0 15. 0-0 b5 16. axb6 Rxb6 17. h3 Bb5 18. f4 Ned7 19. Re1 Re8 20. Qc2 Bxe2 21. Rxe2 Rb4 22. Ned1 Qb6 23. Nf2 h4 24. Be3 Nh5 25. Nd3 Bxc3 26. Nxb4 Bxb4 27. Bd2 Ng3 28. Ree1 Bxd2 29. Qxd2 Nxe4 30. Qc2 f5 31. Qa4 Ndf6 32. Qxa6 Qxa6 33. Rxa6 Nxd5 0-1

[Event "Nizami Ganjavi 880 years U17"]
[Site "Tornelo INT"]
[Date "2021.04.04"]
[Round "8.2"]
[White "Tsoi, Dmitry"]
[Black "Vakulenko, Aleksandr"]
[Result "1-0"]
[WhiteElo "2348"]
[BlackElo "2246"]
[PlyCount "69"]
[EventDate "2021.04.02"]
[EventType "team-swiss (blitz)"]
[EventRounds "9"]
[EventCountry "AZE"]
[SourceTitle "EXT 2023"]
[Source "ChessBase"]
[SourceDate "2022.10.05"]
[SourceVersion "1"]
[SourceVersionDate "2022.10.05"]
[SourceQuality "1"]
[WhiteTeam "Russia"]
[BlackTeam "Ukraine"]
[WhiteTeamCountry "RUS"]
[BlackTeamCountry "UKR"]

1. f4 d5 2. Nf3 Nf6 3. e3 g6 4. b4 Bg7 5. Bb2 a5 6. b5 a4 7. Na3 0-0 8. Be2 c5 9. 0-0 Nbd7 10. c4 Nb6 11. Rc1 dxc4 12. Nxc4 Nxc4 13. Bxc4 a3 14. Bc3 b6 15. Qb3 Bb7 16. Ne5 e6 17. d4 Nd5 18. dxc5 bxc5 19. Ba1 Qc7 20. Be2 Nb6 21. Bf3 Bd5 22. Bxd5 exd5 23. Bd4 c4 24. Qb4 Rfc8 25. Nc6 Bf8 26. Qc3 Na4 27. Qe1 Qb7 28. Qh4 Rxc6 29. bxc6 Qxc6 30. f5 Bc5 31. fxg6 fxg6 32. Rf6 Qe8 33. Rcf1 Be7 34. Qf4 c3 35. Rf7 1-0

[Event "Nizami Ganjavi 880 years U17"]
[Site "Tornelo INT"]
[Date "2021.04.04"]
[Round "9.6"]
[White "Zhakshylykov, Erzhan"]
[Black "Vakulenko, Aleksandr"]
[Result "1-0"]
[WhiteElo "2023"]
[BlackElo "2246"]
[PlyCount "203"]
[EventDate "2021.04.02"]
[EventType "team-swiss (blitz)"]
[EventRounds "9"]
[EventCountry "AZE"]
[SourceTitle "EXT 2023"]
[Source "ChessBase"]
[SourceDate "2022.10.05"]
[SourceVersion "1"]
[SourceVersionDate "2022.10.05"]
[SourceQuality "1"]
[WhiteTeam "Kyrgyzstan"]
[BlackTeam "Ukraine"]
[WhiteTeamCountry "KGZ"]
[BlackTeamCountry "UKR"]

1. d4 d5 2. c4 Nc6 3. cxd5 Qxd5 4. e3 e5 5. Nc3 Bb4 6. Bd2 Bxc3 7. Bxc3 exd4 8. Ne2 Bg4 9. f3 Bxf3 10. gxf3 Qxf3 11. Bxd4 0-0-0 12. Rg1 Nf6 13. Bg2 Nxd4 14. Qxd4 Rxd4 15. Bxf3 Rd3 16. Rxg7 Rxe3 17. Kf2 Re7 18. Rd1 c6 19. Ng3 Ne8 20. Rg4 Re5 21. Rf4 Rf8 22. Bg4+ Kc7 23. Rd7+ Kb6 24. Rfxf7 Rxf7+ 25. Rxf7 Ra5 26. a3 Rb5 27. b4 a5 28. Be2 Rd5 29. Rxh7 axb4 30. axb4 Rd4 31. Re7 Nd6 32. Rd7 Ne4+ 33. Nxe4 Rxd7 34. h4 Rd4 35. Ke3 Rxb4 36. h5 Rb1 37. Bf3 Rb2 38. Nd2 Ra2 39. h6 Ra8 40. Nc4+ Kc5 41. Ne5 Rh8 42. Nf7 Rh7 43. Bh5 Kc4 44. Bg6 Rxh6 45. Nxh6 b5 46. Ng4 Kc3 47. Nf2 c5 48. Ne4+ Kb4 49. Kd3 c4+ 50. Kd4 Kb3 51. Be8 c3 52. Nxc3 b4 53. Bf7+ Kc2 54. Na2 b3 55. Nb4+ Kb2 56. Nd3+ Kc2 57. Nb4+ Kb2 58. Kd3 Ka3 59. Kc3 b2 60. Nc2+ Ka4 61. Kxb2 Kb5 62. Kc3 Kc5 63. Na3 Kd6 64. Kd4 Ke7 65. Bb3 Kf6 66. Ke4 Kg5 67. Nc4 Kf6 68. Ne3 Kg5 69. Bd1 Kf6 70. Bb3 Kg5 71. Ke5 Kg6 72. Be6 Kg5 73. Bf7 Kh6 74. Kf6 Kh7 75. Bg6+ Kg8 76. Nf5 Kh8 77. Nd6 Kg8 78. Nf7 Kf8 79. Bf5 Kg8 80. Be4 Kf8 81. Ne5 Kg8 82. Nf7 Kf8 83. Bh7 Ke8 84. Ne5 Kf8 85. Nd7+ Ke8 86. Ke6 Kd8 87. Kd6 Kc8 88. Nc5 Kd8 89. Bg6 Kc8 90. Be8 Kd8 91. Bc6 Kc8 92. Ne6 Kb8 93. Kc5 Ka7 94. Kb5 Kb8 95. Ka6 Kc8 96. Kb6 Kb8 97. Bd7 Ka8 98. Nd4 Kb8 99. Nb5 Ka8 100. Nc7+ Kb8 101. Na6+ Ka8 102. Bc6# 1-0

[Event "Nizami Ganjavi 880 years U17"]
[Site "Tornelo INT"]
[Date "2021.04.03"]
[Round "6.4"]
[White "Baranciuc, Alexandr"]
[Black "Vakulenko, Aleksandr"]
[Result "1-0"]
[WhiteElo "2029"]
[BlackElo "2246"]
[PlyCount "71"]
[EventDate "2021.04.02"]
[EventType "team-swiss (blitz)"]
[EventRounds "9"]
[EventCountry "AZE"]
[SourceTitle "EXT 2023"]
[Source "ChessBase"]
[SourceDate "2022.10.05"]
[SourceVersion "1"]
[SourceVersionDate "2022.10.05"]
[SourceQuality "1"]
[WhiteTeam "Moldova"]
[BlackTeam "Ukraine"]
[WhiteTeamCountry "MDA"]
[BlackTeamCountry "UKR"]

1. c4 e6 2. Nf3 d5 3. b3 c5 4. g3 Nf6 5. Bg2 Nc6 6. 0-0 d4 7. e3 e5 8. exd4 exd4 9. Re1+ Be7 10. d3 0-0 11. Nbd2 Bf5 12. Ne4 h6 13. Nxf6+ Bxf6 14. a3 Qd7 15. Qc2 Rfe8 16. Bf4 g5 17. Bd2 Bg6 18. b4 b6 19. b5 Na5 20. Bxa5 bxa5 21. Ne5 Bxe5 22. Bxa8 Rxa8 23. Rxe5 Rc8 24. Qe2 Qd6 25. Re1 Kg7 26. Re7 a6 27. a4 axb5 28. axb5 Ra8 29. Qe5+ Qxe5 30. R7xe5 Bxd3 31. Rxc5 a4 32. Ra1 a3 33. b6 a2 34. b7 Rb8 35. Rc7 Be4 36. Rxa2 1-0

[Event "Nizami Ganjavi 880 years U17"]
[Site "Tornelo INT"]
[Date "2021.04.03"]
[Round "4.6"]
[White "Krupa, Miroslav"]
[Black "Vakulenko, Aleksandr"]
[Result "1-0"]
[WhiteElo "2083"]
[BlackElo "2246"]
[PlyCount "75"]
[EventDate "2021.04.02"]
[EventType "team-swiss (blitz)"]
[EventRounds "9"]
[EventCountry "AZE"]
[SourceTitle "EXT 2023"]
[Source "ChessBase"]
[SourceDate "2022.10.05"]
[SourceVersion "1"]
[SourceVersionDate "2022.10.05"]
[SourceQuality "1"]
[WhiteTeam "Slovakia"]
[BlackTeam "Ukraine"]
[WhiteTeamCountry "SVK"]
[BlackTeamCountry "UKR"]

1. e4 e5 2. Nf3 Nc6 3. Bc4 Nf6 4. d3 h6 5. 0-0 d6 6. c3 g5 7. h3 Bg7 8. Nbd2 0-0 9. a4 Kh8 10. Re1 Ne7 11. Nf1 Ng6 12. Ng3 c6 13. d4 Qe7 14. Nf5 Qc7 15. dxe5 dxe5 16. Qd6 Ne8 17. Qxc7 Nxc7 18. Nd6 Kg8 19. Nxc8 Raxc8 20. Be3 b6 21. Rad1 Rfd8 22. b4 Nf4 23. a5 bxa5 24. bxa5 Rxd1 25. Rxd1 a6 26. Rd7 Nfe6 27. Bb6 Nb5 28. Bxe6 fxe6 29. c4 Nc3 30. Re7 Nxe4 31. Ra7 Nd6 32. c5 Nb5 33. Rxa6 Kf8 34. Nd2 Ke7 35. Ne4 Rf8 36. Nd6 Nxd6 37. Ra7+ Kf6 38. cxd6 1-0

[Event "Nizami Ganjavi 880 years U17"]
[Site "Tornelo INT"]
[Date "2021.04.02"]
[Round "3.2"]
[White "Vakulenko, Aleksandr"]
[Black "Ozenir, Ekin Baris"]
[Result "0-1"]
[WhiteElo "2246"]
[BlackElo "2309"]
[PlyCount "124"]
[EventDate "2021.04.02"]
[EventType "team-swiss (blitz)"]
[EventRounds "9"]
[EventCountry "AZE"]
[SourceTitle "EXT 2023"]
[Source "ChessBase"]
[SourceDate "2022.10.05"]
[SourceVersion "1"]
[SourceVersionDate "2022.10.05"]
[SourceQuality "1"]
[WhiteTeam "Ukraine"]
[BlackTeam "Turkey"]
[WhiteTeamCountry "UKR"]
[BlackTeamCountry "TUR"]

1. d4 Nf6 2. c4 e6 3. Nc3 Bb4 4. f3 d5 5. a3 Bxc3+ 6. bxc3 c5 7. cxd5 exd5 8. e3 0-0 9. Bd3 b6 10. Ne2 Ba6 11. 0-0 Bxd3 12. Qxd3 Re8 13. Ng3 Nc6 14. Bb2 Rc8 15. Rad1 Na5 16. e4 Qc7 17. e5 Nd7 18. Bc1 Nf8 19. Nf5 Nc4 20. f4 Qd7 21. Rf3 Rc6 22. Rg3 Rg6 23. dxc5 bxc5 24. Qxd5 Qxf5 25. Rxg6 hxg6 26. Qxc4 Ne6 27. Be3 Qc2 28. Qd3 Qa4 29. c4 Rd8 30. Qxd8+ Nxd8 31. Rxd8+ Kh7 32. Bxc5 Qxc4 33. Bb4 Qxf4 34. Rd5 Qc1+ 35. Kf2 Qb2+ 36. Kf3 Qb3+ 37. Ke4 Qc4+ 38. Rd4 Qe2+ 39. Kd5 Qxg2+ 40. Kd6 Qb7 41. Rh4+ Kg8 42. Rc4 a5 43. Bc5 Qa6+ 44. Kd5 Qe6+ 45. Kd4 Qg4+ 46. Kd5 Qd7+ 47. Bd6 Qe6+ 48. Kc5 f6 49. exf6 gxf6 50. Bc7 Qa6 51. Ra4 Qa7+ 52. Bb6 Qe7+ 53. Kb5 Qe5+ 54. Ka6 Qxh2 55. Kxa5 g5 56. Kb5 Qe2+ 57. Kc5 g4 58. Ra8+ Kg7 59. a4 g3 60. a5 g2 61. Kd6 Qe5+ 62. Kd7 Qd5+ 0-1

[Event "Mykolaiv IM"]
[Site "Mykolaiv"]
[Date "2021.02.28"]
[Round "2"]
[White "Boricsev, Oleg"]
[Black "Vakulenko, Aleksandr"]
[Result "0-1"]
[WhiteElo "2234"]
[BlackElo "2256"]
[PlyCount "28"]
[EventDate "2021.02.27"]
[EventType "tourn"]
[EventRounds "9"]
[EventCountry "UKR"]
[EventCategory "1"]
[SourceTitle "EXT 2022"]
[Source "ChessBase"]
[SourceDate "2021.10.06"]
[SourceVersion "1"]
[SourceVersionDate "2021.10.06"]
[SourceQuality "1"]

1. e4 e5 2. Nf3 Nc6 3. Bc4 Nf6 4. d3 h6 5. 0-0 d6 6. Nc3 g5 7. Bxg5 hxg5 8. Nxg5 d5 9. exd5 Na5 10. Qe2 Ng4 11. Nf3 Nxc4 12. dxc4 f6 13. h3 Qe7 14. hxg4 Qh7 0-1

[Event "Mykolaiv IM"]
[Site "Mykolaiv"]
[Date "2021.02.28"]
[Round "3"]
[White "Vakulenko, Aleksandr"]
[Black "Kushko, Dmitriy"]
[Result "0-1"]
[WhiteElo "2256"]
[BlackElo "2285"]
[PlyCount "96"]
[EventDate "2021.02.27"]
[EventType "tourn"]
[EventRounds "9"]
[EventCountry "UKR"]
[EventCategory "1"]
[SourceTitle "EXT 2022"]
[Source "ChessBase"]
[SourceDate "2021.10.06"]
[SourceVersion "1"]
[SourceVersionDate "2021.10.06"]
[SourceQuality "1"]

1. d4 d6 2. c4 g6 3. e4 Bg7 4. Nc3 Nf6 5. f3 0-0 6. Be3 c5 7. d5 a6 8. a4 e6 9. Nge2 exd5 10. cxd5 Nbd7 11. Ng3 Ne5 12. Be2 Bd7 13. 0-0 b5 14. h3 Rb8 15. f4 Nc4 16. Bxc4 bxc4 17. e5 Ne8 18. Qd2 f5 19. Ra2 dxe5 20. Bxc5 Rf7 21. fxe5 Bxe5 22. Nge2 Nd6 23. Bd4 Qf6 24. Raa1 Re8 25. Bxe5 Qxe5 26. Rae1 Rfe7 27. Nf4 Qf6 28. Rxe7 Qxe7 29. Qd4 Qe3+ 30. Qxe3 Rxe3 31. Kf2 Re8 32. Re1 Rxe1 33. Kxe1 Kf7 34. Kd2 Kf6 35. Ke3 Ke5 36. Nfe2 g5 37. Ng1 g4 38. hxg4 fxg4 39. Nge2 Nf5+ 40. Kf2 Ne7 41. Ke3 Nxd5+ 42. Nxd5 Kxd5 43. Nc3+ Kc5 44. Ne4+ Kb4 45. Kd4 Bc6 46. Nf6 Bxg2 47. Nxg4 h5 48. Ne3 h4 0-1

[Event "UKR-KGZ Match"]
[Site "Tornelo INT"]
[Date "2021.02.14"]
[Round "2.4"]
[White "Vakulenko, Aleksandr"]
[Black "Orozbaev, Eldiar"]
[Result "1-0"]
[WhiteElo "2256"]
[BlackElo "1973"]
[PlyCount "135"]
[EventDate "2021.02.14"]
[EventType "team-match (rapid)"]
[EventRounds "2"]
[EventCountry "UKR"]
[SourceTitle "CBM 200 Extra"]
[Source "ChessBase"]
[SourceDate "2021.03.31"]
[SourceVersion "1"]
[SourceVersionDate "2021.03.31"]
[SourceQuality "1"]
[WhiteTeam "Ukraine"]
[BlackTeam "Kyrgyzstan"]
[WhiteTeamCountry "UKR"]
[BlackTeamCountry "KGZ"]

1. d4 Nf6 2. c4 c5 3. d5 b5 4. cxb5 a6 5. bxa6 Bxa6 6. Nc3 d6 7. Nf3 g6 8. g3 Bg7 9. Bg2 0-0 10. 0-0 Nbd7 11. Rb1 Qa5 12. Bd2 Rfb8 13. b3 Qb4 14. Re1 Qb6 15. h3 Ne8 16. Qc2 Nc7 17. e4 Nb5 18. Nxb5 Qxb5 19. a4 Qd3 20. Qd1 Ne5 21. Nxe5 Bxe5 22. Re3 Qd4 23. Qc2 c4 24. b4 Qa7 25. b5 Bd4 26. Rf3 Bc8 27. a5 Qc5 28. Bf1 Rxb5 29. Rxb5 Qxb5 30. Bxc4 Qc5 31. Kg2 f5 32. Bd3 fxe4 33. Bxe4 Qxc2 34. Bxc2 Bb7 35. Bb3 Bc5 36. Bc4 e6 37. Rd3 exd5 38. Bxd5+ Bxd5+ 39. Rxd5 Kf7 40. f4 Ke6 41. Rd3 d5 42. Kf3 d4 43. Ke4 Kd6 44. Rb3 Re8+ 45. Kd3 Kc6 46. g4 Rf8 47. Rb1 Kd5 48. Re1 Rb8 49. Re5+ Kd6 50. Kc4 Rb2 51. Rd5+ Ke6 52. f5+ gxf5 53. gxf5+ Kf6 54. Bf4 Rc2+ 55. Kb5 Ba7 56. Ka6 Bc5 57. Be5+ Kxf5 58. Bxd4+ Ke4 59. Rxc5 Rh2 60. Be5 Rxh3 61. Bc7 h5 62. Kb7 h4 63. a6 Rb3+ 64. Bb6 h3 65. Rh5 Kf4 66. a7 Kg4 67. Rxh3 Rxh3 68. a8Q 1-0

[Event "TUR-UKR Friendship U20"]
[Site "Tornelo INT"]
[Date "2021.01.17"]
[Round "2.1"]
[White "Vakulenko, Aleksandr"]
[Black "Ozer, Omer Faruk"]
[Result "1/2-1/2"]
[WhiteElo "2256"]
[BlackElo "2317"]
[PlyCount "149"]
[EventDate "2021.01.17"]
[EventType "team-match (rapid)"]
[EventRounds "2"]
[EventCountry "TUR"]
[SourceTitle "CBM 200 Extra"]
[Source "ChessBase"]
[SourceDate "2021.03.31"]
[SourceVersion "1"]
[SourceVersionDate "2021.03.31"]
[SourceQuality "1"]
[WhiteTeam "Ukraine U20"]
[BlackTeam "Turkey U20"]
[WhiteTeamCountry "UKR"]
[BlackTeamCountry "TUR"]

1. d4 Nf6 2. c4 g6 3. Nc3 Bg7 4. e4 0-0 5. Be3 c6 6. e5 Ne8 7. f4 d6 8. Nf3 f6 9. exd6 exd6 10. Be2 Nc7 11. 0-0 d5 12. Qb3 Kh8 13. Rfe1 dxc4 14. Bxc4 b5 15. Bf1 Be6 16. Qc2 Nd7 17. Ne4 Bd5 18. f5 Re8 19. Nc3 Bxf3 20. gxf3 Nf8 21. Bf2 Qd7 22. Ne4 Nd5 23. Bh3 Nf4 24. Bf1 Rac8 25. Ng3 Bh6 26. Re4 Rxe4 27. fxe4 Qg7 28. Kh1 Nd7 29. Bxb5 gxf5 30. exf5 Qg4 31. Bf1 Qf3+ 32. Kg1 Rg8 33. Qb3 Qg4 34. Re1 Nd5 35. Qc2 c5 36. dxc5 Ne5 37. Bg2 Nf4 38. Qe4 Qg7 39. Bd4 Ng4 40. Bf2 Nxf2 41. Kxf2 Rd8 42. Qe8+ Qf8 43. Qxf8+ Bxf8 44. Bf1 Bxc5+ 45. Kf3 Nd3 46. Bxd3 Rxd3+ 47. Kg4 Bd4 48. Re8+ Kg7 49. Re7+ Kg8 50. Rd7 Rd2 51. Nh5 Rg2+ 52. Kf3 Rg5 53. Ng3 Bxb2 54. h4 Rg7 55. Rd8+ Kf7 56. Nh5 Rg1 57. Rd7+ Ke8 58. Rxh7 Bd4 59. Ng3 Be5 60. Rg7 Kf8 61. Rg6 Ra1 62. Ne4 Rf1+ 63. Nf2 Bd4 64. Rg2 Kf7 65. h5 Bxf2 66. Rxf2 Rxf2+ 67. Kxf2 Kg7 68. Kf3 Kh6 69. Kg4 Kh7 70. a4 a5 71. Kh4 Kh6 72. Kg4 Kh7 73. Kh4 Kh6 74. Kg4 Kh7 75. Kh4 1/2-1/2

[Event "Chortkiv Stadnyk Memorial"]
[Site "Chortkiv"]
[Date "2020.12.11"]
[Round "10"]
[White "Vakulenko, Aleksandr"]
[Black "Hulka, Valentyn"]
[Result "1/2-1/2"]
[WhiteElo "2245"]
[BlackElo "1991"]
[PlyCount "65"]
[EventDate "2020.12.07"]
[EventType "tourn"]
[EventRounds "10"]
[EventCountry "UKR"]
[SourceTitle "CBM 199 Extra"]
[Source "ChessBase"]
[SourceDate "2021.01.31"]
[SourceVersion "1"]
[SourceVersionDate "2021.01.31"]
[SourceQuality "1"]

1. d4 Nf6 2. c4 g6 3. Nc3 d5 4. cxd5 Nxd5 5. Bd2 Nb6 6. Nf3 Bg7 7. Bf4 0-0 8. e3 c5 9. dxc5 N6d7 10. Nd5 Nc6 11. Bc7 Qe8 12. Qc1 Nf6 13. Nxf6+ Bxf6 14. Bb5 Bd7 15. 0-0 Rc8 16. Bg3 Nb4 17. Bxd7 Qxd7 18. Qc4 Na6 19. Rad1 Qc6 20. b4 Qa4 21. Rb1 Rxc5 22. Qb3 Qxb3 23. Rxb3 Rc2 24. a3 Rd8 25. Rfb1 Nc7 26. Ne1 Rc4 27. Rd3 Rxd3 28. Nxd3 Nb5 29. Rb3 b6 30. Kf1 Rc2 31. a4 Nc3 32. Rb2 Rxb2 33. Nxb2 1/2-1/2